Picture Quiz: famous people, first name starts with G - Statistics

General Stats
  • This quiz has been taken 105 times
  • The average score is 8 of 15
Answer Stats
Picture Answer % Correct
George Bush
94%
George Clooney
91%
Gerald Ford
79%
Geena Davis
72%
Gwen Stefani
66%
Grace Kelly
60%
Gloria Estefan
55%
Gloria Gaynor
53%
Gary Oldman
49%
Gary Coleman
43%
George Best
43%
Gary Cooper
42%
Gillian Anderson
36%
George Martin
9%
Gregory Issac
0%
No matching quizzes found
Score Distribution
Percent of People with Each Score
Percentile by Number Answered
Your Score History
You have not taken this quiz